| 000 | 00449nam a22001697a 4500 | ||
|---|---|---|---|
| 003 | OSt | ||
| 008 | 260506b |||||||| |||| 00| 0 eng d | ||
| 082 |
_a633.84 _bS33R |
||
| 100 | _aSharma, Amiya Chandra | ||
| 245 | _aResponse of Mustrard Var. Varuna Sown at Different Dates to Nitrogen and Sulphur | ||
| 260 |
_aPusa, Samastipur _bRAU _c1991 |
||
| 300 | _a98P. | ||
| 502 |
_bMsc. _d1991 |
||
| 650 | _aAgronomy | ||
| 650 | _aMsc. | ||
| 942 |
_2ddc _cT |
||
| 999 |
_c50467 _d50467 |
||